| 000 | 00346nam a22001337a 4500 | ||
|---|---|---|---|
| 082 | _aP-253 | ||
| 100 |
_aAsad _948025 |
||
| 245 |
_aComputer aided design of rcc slabs _cImran, Tahir, Afridi, Ihsan, Umar. |
||
| 260 |
_aRisalpur: _bMCE. _c21-04-2004 |
||
| 526 |
_a0 _b0 _c0 _dP_253 |
||
| 650 | _aProject | ||
| 700 |
_aIqbal _917522 |
||
| 942 |
_2ddc _cBK |
||
| 999 |
_c551073 _d551073 |
||